| 000 | 00454nam a2200157 4500 | ||
|---|---|---|---|
| 001 | 131548 | ||
| 003 | ES-MaACL | ||
| 005 | 20230906194013.0 | ||
| 007 | t| | ||
| 008 | 070214s1973 sp r ||||1| spa d | ||
| 100 | 1 |
_aRodríguez Aranda, Luis. _998344 |
|
| 245 | 1 | 0 |
_aIdeas para una sociología del pueblo español / _cLuis Rodríguez Aranda. |
| 260 |
_aMadrid : _bTecnos, _c1973. |
||
| 300 |
_a158 p. ; _c24 cm. |
||
| 852 |
_aES-MaACL _jC-55443 _bR.88260 |
||
| 999 |
_c131548 _d131548 |
||